| 000 | 01337nam a2200229Ia 4500 | ||
|---|---|---|---|
| 003 | Ost | ||
| 005 | 20260507075515.0 | ||
| 008 | 260507s9999||||xx |||||||||||||| ||und|| | ||
| 040 | _cfsecg | ||
| 041 | _aara | ||
| 082 | _a657.8333 | ||
| 100 |
_aابراهيم، إيهاب نظمي صابر _eمؤلف |
||
| 245 | 0 |
_aمحاسبة المنشآت المالية : _bالبنوك وشركات التأمين / _c إيهاب نظمي صابر ابراهيم |
|
| 260 |
_aعمان: _bمكتبة المجتمع العربي, _c2009 |
||
| 300 |
_a501 صفحة؛ _bإيضاحات ؛ _c25 سم |
||
| 504 | _aمراجع ص.501 | ||
| 520 | _aمحاسبة البنوك بالتطرق الى نشأة البنوك و تطورها و تناول البنوك التجارية و قسم الصندوق و قسم الودائع و قسم الاوراق التجارية و الحوالات و خطابات الضمان( الكفالات ) و الاعتمادات المستندية و بوالص التحصيل و القوائم المالية و الحسابات الختامية و اخيرا تم تناول محاسبة شركات التأمين. | ||
| 653 | _aالبنوك-محاسبة | ||
| 653 | _aشركات التأمين - محاسبة | ||
| 700 |
_aمصطفى، حسن توفيق محمود _eمؤلف ثانوي |
||
| 942 | _cكتاب | ||
| 999 |
_c44752 _d44752 |
||